00661cam a22001694a 450008200200000010000180002024500610003825000120009926000660011130000130017750000940019065000250028470000250030970000210033485600680035585600680042300a647.94068/3 BOE1 aBoella, M. J.10aHuman resources management in the hospitality industry : a8th ed. aAmsterdam ;aBoston :bElsevier/Butterworth Heinemann,c2005. a363 p. ; aNew ed. of Human resource management in the hospitality industry / Vincent H. Eade. 1993. 0aHospitality industry1 aGoss-Turner, Steven.1 aEade, Vincent H.42uhttp://www.loc.gov/catdir/enhancements/fy0627/2005282479-d.html41uhttp://www.loc.gov/catdir/enhancements/fy0627/2005282479-t.html